|
|
|
|
| LEADER |
00000nas a2200000 a 4500 |
| 001 |
ssj0007556 |
| 003 |
WaSeSS |
| 005 |
20200512172242.0 |
| 006 |
m d |
| 007 |
cr n |
| 008 |
011108c19329999enkfr p s o 0 0eng c |
| 010 |
|
|
|a 2009250641
|
| 022 |
|
|
|y 0025-8385
|
| 035 |
|
|
|a (WaSeSS)ssj0007556
|
| 040 |
|
|
|a BUF
|b eng
|c BUF
|d OCLCQ
|d BUF
|d MUQ
|d OCLCG
|d AUD
|d BUF
|d OCLCE
|d OCL
|d OCLCQ
|d OCLCF
|d OCLCO
|d OCLCQ
|d WT2
|d OCLCQ
|d WYU
|d VT2
|d OCLCQ
|d WaSeSS
|
| 042 |
|
|
|a pcc
|
| 050 |
|
4 |
|a PB1
|b .M4
|
| 082 |
0 |
4 |
|a 405
|
| 130 |
0 |
|
|a Medium aevum (Online)
|
| 245 |
1 |
0 |
|a Medium aevum
|h [electronic resource].
|
| 260 |
|
|
|a [Oxford?] :
|b Society for the Study of Mediæval Languages and Literature
|
| 310 |
|
|
|a Semiannual,
|b 1977-
|
| 321 |
|
|
|a Three no. a year,
|b 1932-
|
| 362 |
1 |
|
|a Print began with v. 1 (May 1932).
|
| 500 |
|
|
|a Editors: May 1932-56, C.T. Onions; 1957- J.A.W. Bennett.
|
| 506 |
|
|
|a License restrictions may limit access.
|
| 520 |
|
|
|a Includes section "Reviews."
|
| 588 |
0 |
|
|a Print version record.
|
| 588 |
1 |
|
|a Vol. 78, no. 1 (2009) (Literature Online, viewed Sept. 22, 2009).
|
| 650 |
|
0 |
|a Philology, Modern
|v Periodicals.
|
| 650 |
|
0 |
|a Literature, Medieval
|v Periodicals.
|
| 650 |
|
6 |
|a Philologie médiévale
|v Périodiques.
|
| 650 |
|
6 |
|a Littérature médiévale
|v Périodiques.
|
| 650 |
|
7 |
|a Literature, Medieval.
|2 fast
|0 (OCoLC)fst01000151
|
| 650 |
|
7 |
|a Philology, Modern.
|2 fast
|0 (OCoLC)fst01060716
|
| 650 |
1 |
7 |
|a Filologie.
|2 gtt
|
| 650 |
1 |
7 |
|a Middeleeuwen.
|2 gtt
|
| 655 |
|
0 |
|a Electronic journals.
|
| 700 |
1 |
|
|a Onions, C. T.
|q (Charles Talbut),
|d 1873-1965.
|
| 700 |
1 |
|
|a Bennett, J. A. W.
|q (Jack Arthur Walter)
|
| 710 |
2 |
|
|a Society for the Study of Mediaeval Languages and Literature (Oxford, England)
|
| 776 |
0 |
8 |
|i Print versioin:
|t Medium aevum
|x 0025-8385
|w (DLC) 35018315
|w (OCoLC)1607862
|
| 780 |
0 |
0 |
|t Arthuriana
|
| 856 |
4 |
0 |
|z Full text available from Research Library: 01/01/1995 to present
|u https://search.proquest.com/publication/36851
|